|
|
|
|
| LEADER |
00000nam a2200000 a 4500 |
| 001 |
vtls008362825 |
| 003 |
SK-MaSNL |
| 005 |
20260302074547.0 |
| 008 |
181109s1951 xo rus |
| 015 |
|
|
|a SKSNBA19451955-000292
|
| 035 |
|
|
|a SK01SNKBKSFS20010055042
|
| 035 |
|
|
|a SKM000057505
|
| 040 |
|
|
|a SNK
|b slo
|c SNK
|e AACR2
|
| 041 |
1 |
|
|a rus
|h slo
|
| 044 |
|
|
|a xo
|c SK
|
| 080 |
|
|
|a 372(075)
|2 1981
|
| 245 |
1 |
0 |
|a Arifmetika dlja 3 klassa načalnoj školy
|c sost. komissija pri Naučnoissledovateľskom Ped. Institute v Bratislave ; (perevod so slov. A.F. Sopira)
|
| 260 |
|
|
|a Bratislava
|b Gosizdat
|c 1951
|e Prešov
|f Pravda
|
| 300 |
|
|
|a 203, [4] s.
|c V. 8°
|
| 500 |
|
|
|a Rok vydania v tiráži 1952
|
| 563 |
|
|
|a 4.000 výtlač.
|
| 650 |
0 |
7 |
|a matematika
|2 SNKPH
|9 70174
|
| 655 |
|
7 |
|a učebnice základných škôl
|2 SNKPH
|9 70187
|
| 700 |
1 |
|
|a Sopira, Andrej,
|d 1917-1998
|4 trl
|9 37352
|
| 958 |
|
|
|a OND
|
| 958 |
|
|
|a RK
|
| 958 |
|
|
|a TL
|
| 999 |
|
|
|c 1165526
|d 1167456
|
| 952 |
|
|
|a SNK
|b SNK
|y VYP
|7 0
|p 17A0886951
|o snkSD 7815 D1
|i snkF 2251/62
|8 5
|0 0
|1 0
|4 0
|d 2012-02-10
|l 0
|r 2026-02-24 20:47:24
|w 2026-02-24
|